A fome no mundo explicada ao meu filho (Registo nº 692)
[ vista simples ]
| 000 -Etiqueta do registo | |
|---|---|
| Cabeçalho | 00893nam0a2200301 4500 |
| 005 - Identificador da versão | |
| Campo de controlo | 20240813121810.0 |
| 010 ## - Número internacional normalizado dos livros (ISBN) | |
| Número (ISBN) | 9727103669 |
| 021 ## - Número do Depósito Legal | |
| Código do país | PT |
| Número | 209633/04 |
| 100 ## - Dados gerais de processamento | |
| Dados gerais de processamento | 20160714d2004 am y0pory5003 ba |
| 102 ## - Pais de publicação ou produção | |
| País de publicação | Portugal |
| 101 1# - Língua de publicação | |
| Língua do texto, banda sonora, etc. | Português |
| Língua do documento no original | Francês |
| 215 ## - Descrição física | |
| Indicação específica da natureza do documento e extensão da espécie | 118, [1] p |
| 200 1# - Titulo e menção de responsabilidade | |
| Título próprio | A fome no mundo explicada ao meu filho |
| Primeira menção de responsabilidade | Jean Ziegler |
| Outras menções de responsabilidade | trad. Teresa Cardoso |
| 225 2# - Colecção | |
| Título próprio da colecção | Caminhos da liberdade |
| Indicação de volume | 16 |
| 205 ## - Menção da edição | |
| Menção da edição | 1ª ed |
| 210 ## - Publicação, Distribuição, etc. | |
| Lugar da edição, distribuição, etc. | Lisboa |
| Nome do editor, distribuidor, etc. | Terramar |
| Data da publicação, distribuição, etc. | 2004 |
| 606 ## - Nome comum usado como assunto | |
| Número de registo de entrada de autoridade | 0003109 |
| Palavra de ordem | Fome |
| Código do sistema | CA |
| 675 ## - Classificação Decimal Universal (CDU) | |
| Notação | 364.69(1-772) |
| Edição | 3ª ed. |
| Língua da edição | por |
| Notação | 330.31(1-772) |
| Edição | 3ª ed. |
| Língua da edição | por |
| Notação | 339-96(1-772) |
| Edição | 3ª ed. |
| Língua da edição | por |
| 702 #1 - Nome de autor-pessoa física (responsabilidade secundária) | |
| Número de registo de entrada de autoridade | 0000917 |
| Palavra de ordem | Cardoso |
| Outra parte do nome não tomada para palavra de ordem | Maria Teresa |
| Código de função | Tradutor |
| Número de registo de entrada de autoridade | 0000912 |
| Palavra de ordem | Rodrigues |
| Outra parte do nome não tomada para palavra de ordem | Filipe |
| Código de função | Autor de recensão / Crítico |
| 700 #1 - Nome de autor-pessoa física (responsabilidade principal) | |
| Número de registo de entrada de autoridade | 0000916 |
| Palavra de ordem | Ziegler |
| Outra parte do nome não tomada para palavra de ordem | Jean |
| Datas | 1934- |
| 966 ## - Identificação da Biblioteca | |
| Sigla | EB2,3ENM |
| 942 ## - Elementos de entrada adicionados (Koha) | |
| Tipo de item no Koha | Livro |
| Situação do levantamento | Origin of item (home branch) (coded) | Biblioteca de empréstimo | Código de barras | Cota | Circulation type (not for loan) | Tipo de documento | Nota do exemplar | Damaged status |
|---|---|---|---|---|---|---|---|---|
| Biblioteca Escolar Eng. Nuno Mergulhão | Biblioteca Escolar Eng. Nuno Mergulhão | BENM2686 | 33 ZIE | Livro | Sem mensagem |
